skbl

Dr Suryya Kumar Bhuyan Library Web-OPAC
ডঃ সূৰ্য্য
কুমাৰ ভূঞা পুথিভঁৰাল ৱেব-অ'পেক

All Research Scholars are advised to clear the annual library fees to continue using Library Resources, Remote Access, Plagiarism Test and Library Clearance.

Cotton University Book Fair 2026

Political Theory (Record no. 63633)

MARC details
000 -LEADER
fixed length control field 00469nam a2200169Ia 4500
001 - CONTROL NUMBER
control field 62526
008 - FIXED-LENGTH DATA ELEMENTS--GENERAL INFORMATION
fixed length control field 171025n ii |||gr||||Z||||||465
020 ## - INTERNATIONAL STANDARD BOOK NUMBER
International Standard Book Number 978-81-317-6963-8
082 ## - DEWEY DECIMAL CLASSIFICATION NUMBER
Classification number 320.011
100 ## - MAIN ENTRY--PERSONAL NAME
Personal name Abbas, Hovyeda,
Relator term Author.
245 #0 - TITLE STATEMENT
Title Political Theory
Statement of responsibility, etc. Hovyeda Abbas & Ranjay Kumar
Medium Textual Documents
260 ## - PUBLICATION, DISTRIBUTION, ETC.
Place of publication, distribution, etc. India
Name of publisher, distributor, etc. Dorling Kindersley Limited
300 ## - PHYSICAL DESCRIPTION
Extent 296p:
Dimensions 24cm.
653 ## - INDEX TERM--UNCONTROLLED
Uncontrolled term Political Theory
653 ## - INDEX TERM--UNCONTROLLED
Uncontrolled term PG - Pol.Sc
942 ## - ADDED ENTRY ELEMENTS (KOHA)
Source of classification or shelving scheme Dewey Decimal Classification
Koha item type Books
Holdings
Withdrawn status Lost status Damaged status Not for loan Collection Home library Current library Shelving location Date acquired Coded location qualifier Total checkouts Full call number Barcode Date last seen Copy number Price effective from Koha item type
          Dr. Suryya Kumar Bhuyan Library Dr. Suryya Kumar Bhuyan Library   25/10/2017 00000   320.011 Ab19Po 796/P.Sc. 14/01/2024 1 25/10/2017 Books

Designed and Maintained by Team SKBL
©1901-2026

Powered by Koha